SEPARATION OF INFECTIOUS CANINE HEPATITIS VIRUS ANTIGENS: SOLUBLE ANTIGENS

Bibliographic Details
Main Author: Petr, G. (Author)
Format: Article
Language:English

MARC

LEADER 00000nab a2200000ua 4500
001 vtls010787944
003 SK-MaSNL
005 20260303152555.0
008 230222s1971 xo |||||||||||||||||eng|
035 |a (urnnbn)urn:nbn:sk:snk:ar-a02ad0 
035 |a (uuid)6c514cbc-7da5-4d94-a911-57446cf0b869 
035 |a urn:nbn:sk:snk-ab4j2i 
040 |a SNKBUCL  |b slo  |c SNKBUCL  |e AACR2 
041 0 |a eng 
044 |a xo  |c SK 
100 1 |a Petr, G.  |4 aut  |9 1121731 
245 1 0 |a SEPARATION OF INFECTIOUS CANINE HEPATITIS VIRUS ANTIGENS: SOLUBLE ANTIGENS  |c G. Petr 
773 0 |t Acta virologica  |g Roč. 15, č. 2 (1971), s. 167-170 
958 |a OND 
958 |a EUIPO 
958 |a article3 
999 |c 2023939  |d 2025869